Famous People from Kentucky by Picture - Statistics

General Stats
  • This quiz has been taken 48 times
  • The average score is 8 of 16
Answer Stats
Picture Answer % Correct
Abraham Lincoln
100%
Johnny Depp
95%
George Clooney
93%
Muhammad Ali
93%
Jennifer Lawrence
66%
Billy Ray Cyrus
50%
Chris Stapleton
39%
Josh Hutcherson
39%
Loretta Lynn
36%
Jim Varney
30%
Dwight Yoakam
25%
Ned Beatty
25%
Diane Sawyer
23%
Jefferson Davis
18%
Hunter S. Thompson
16%
Harland Sanders
11%
No matching quizzes found
Score Distribution
Percent of People with Each Score
Percentile by Number Answered
Your Score History
You have not taken this quiz